01325nam a22003494a 4500001001200000003000800012006001900020007001500039008004100054010001700095020001500112040002100127035002100148050002500169082001900194100004700213245011500260260004200375300002500417504005100442530002700493533015200520650002700672650002700699650002000726650001800746655002900764700002200793710001700815856012600832999001700958ebr10132037CaPaEBRm u cr cn|||||||||060323s2006 dcua sb i001 0 eng  z 2006044714 z0821365851 aCaPaEBRcCaPaEBR a(OCoLC)56012469214aRA410.5b.G68 2006eb04a362.1068/12221 aGottret, Pablo E.q(Pablo Enrique),d1959-10aHealth financing revisitedh[electronic resource] :ba practitioner's guide /cPablo Gottret, George Schieber. aWashington, DC :bWorld Bank,cc2006. axvii, 318 p. :bill. aIncludes bibliographical references and index. aAlso available online. aElectronic reproduction.bPalo Alto, Calif. :cebrary,d2013.nAvailable via World Wide Web.nAccess may be limited to ebrary affiliated libraries. 0aMedical carexFinance. 0aMedical care, Cost of. 0aMedical policy. 0aWorld health. 7aElectronic books.2local1 aSchieber, George.2 aebrary, Inc.40uhttp://site.ebrary.com/lib/rucke/Doc?id=10132037zAn electronic book accessible through the World Wide Web; click to view c80530d80530